[Event "37th Reykjavik op"]
[Site "Reykjavik ISL"]
[Date "2024.03.16"]
[Round "3.41"]
[White "Suleymenov, Alisher"]
[Black "Dimitrijeski, Boris"]
[WhiteElo "2506"]
[BlackElo "2183"]
[Result "1-0"]
[EventDate "2024.03.15"]
[PlyCount "154"]

1. d4 { [%eval 0.15] [%clk 1:30:57] } 1... d5 { [%eval 0.25] [%clk 1:30:35] } 2. c4 { [%eval 0.26] [%clk 1:31:19] } 2... c6 { [%eval 0.28] [%clk 1:30:56] } 3. Nf3 { [%eval 0.23] [%clk 1:31:43] } 3... Nf6 { [%eval 0.29] [%clk 1:31:20] } 4. Nc3 { [%eval 0.31] [%clk 1:32:10] } 4... e6 { [%eval 0.33] [%clk 1:31:36] } 5. e3 { [%eval 0.13] [%clk 1:32:34] } 5... Nbd7 { [%eval 0.11] [%clk 1:31:53] } 6. Be2 { [%eval 0.13] [%clk 1:32:59] } 6... Bd6 { [%eval 0.26] [%clk 1:31:07] } 7. O-O { [%eval 0.21] [%clk 1:33:22] } 7... O-O { [%eval 0.17] [%clk 1:30:55] } 8. b3 { [%eval 0.15] [%clk 1:33:49] } 8... b6 { [%eval 0.13] [%clk 1:30:39] } 9. Bb2 { [%eval 0.17] [%clk 1:34:15] } 9... Bb7 { [%eval 0.12] [%clk 1:30:39] } 10. Bd3 { [%eval 0.19] [%clk 1:34:40] } 10... c5 { [%eval 0.15] [%clk 1:28:19] } 11. cxd5 { [%eval 0.13] [%clk 1:35:02] } 11... Nxd5 { [%eval 0.16] [%clk 1:27:50] } 12. Nxd5 { [%eval 0.02] [%clk 1:22:48] } 12... Bxd5 { [%eval 0.05] [%clk 1:27:47] } 13. e4 { [%eval 0.0] [%clk 1:14:00] } 13... Bb7 { [%eval 0.03] [%clk 1:28:08] } 14. d5 { [%eval 0.02] [%clk 1:14:24] } 14... exd5 { [%eval 0.0] [%clk 1:28:27] } 15. exd5 { [%eval -0.01] [%clk 1:14:50] } 15... Be7 { [%eval 0.0] [%clk 1:28:46] } 16. Qc2 { [%eval 0.02] [%clk 1:10:49] } 16... h6 { [%eval 0.0] [%clk 1:29:07] } 17. Rad1 { [%eval 0.0] [%clk 1:08:09] } 17... Bf6 { [%eval -0.01] [%clk 1:27:30] } 18. Bc1 { [%eval 0.0] [%clk 0:56:33] } 18... Ne5 { [%eval 0.0] [%clk 1:18:42] } 19. Bh7+ { [%eval -0.17] [%clk 0:56:05] } 19... Kh8 { [%eval -0.16] [%clk 1:19:06] } 20. Be4 { [%eval -0.2] [%clk 0:56:31] } 20... Nxf3+ { [%eval -0.03] [%clk 1:12:18] } 21. Bxf3 { [%eval -0.07] [%clk 0:56:56] } 21... Qd7 { [%eval -0.04] [%clk 1:02:00] } 22. Be3 { [%eval -0.05] [%clk 0:54:10] } 22... Rad8 { [%eval 0.0] [%clk 0:57:34] } 23. g3 { [%eval -0.22] [%clk 0:49:03] } 23... Rfe8 { [%eval -0.2] [%clk 0:52:57] } 24. Rd2 { [%eval -0.16] [%clk 0:45:57] } 24... Kg8 { [%eval -0.16] [%clk 0:48:44] } 25. h4 { [%eval -0.38] [%clk 0:42:02] } 25... Be5 { [%eval -0.16] [%clk 0:38:44] } 26. Kg2 { [%eval -0.28] [%clk 0:38:17] } 26... Qd6 { [%eval -0.18] [%clk 0:23:54] } 27. Re1?! { [%eval -0.82] } { Inaccuracy. Qd3 was best. } { [%clk 0:38:27] } (27. Qd3 Re7) 27... Qf6?! { [%eval -0.18] } { Inaccuracy. Bd4 was best. } { [%clk 0:22:39] } (27... Bd4 28. Qc4 Qd7 29. b4 Re5 30. bxc5 bxc5 31. Rde2 Rxd5 32. Bxd4 Rxd4 33. Qb3 Rb4 34. Qc3) 28. Red1 { [%eval -0.29] [%clk 0:34:58] } 28... Bc3 { [%eval 0.0] [%clk 0:20:57] } 29. Rd3 { [%eval -0.04] [%clk 0:34:42] } 29... Be5 { [%eval 0.0] [%clk 0:21:21] } 30. Qc4 { [%eval 0.0] [%clk 0:27:20] } 30... Bc8 { [%eval 0.03] [%clk 0:18:44] } 31. R3d2 { [%eval -0.37] [%clk 0:25:55] } 31... Bd6 { [%eval -0.48] [%clk 0:12:49] } 32. Qe2 { [%eval -0.56] [%clk 0:19:04] } 32... Bf5 { [%eval -0.45] [%clk 0:10:38] } 33. Qc4?! { [%eval -1.48] } { Inaccuracy. Rh1 was best. } { [%clk 0:14:22] } (33. Rh1) 33... Be5? { [%eval -0.12] } { Mistake. Rxe3 was best. } { [%clk 0:06:03] } (33... Rxe3 34. fxe3 Qg6 35. g4 Re8 36. Kf1 Be4 37. Rf2 Bxf3 38. Rxf3 Re4 39. Qd3 Qxg4 40. Ke2) 34. Bf4 { [%eval -0.41] [%clk 0:09:34] } 34... Bd4 { [%eval -0.28] [%clk 0:06:06] } 35. Bc7 { [%eval -0.74] [%clk 0:07:15] } 35... Rd7 { [%eval -0.62] [%clk 0:04:40] } 36. d6 { [%eval -0.62] [%clk 0:06:09] } 36... Bh3+ { [%eval -0.76] [%clk 0:00:34] } 37. Kxh3 { [%eval -0.76] [%clk 0:06:29] } 37... Qxf3 { [%eval -0.7] [%clk 0:00:53] } 38. Qf1 { [%eval -0.82] [%clk 0:05:32] } 38... Re6 { [%eval -0.34] [%clk 0:00:35] } 39. Qg2 { [%eval -0.83] [%clk 0:04:50] } 39... Qf5+ { [%eval -0.57] [%clk 0:00:52] } 40. Kh2 { [%eval -0.67] [%clk 0:05:10] } 40... Rexd6?? { [%eval 1.68] } { Blunder. g5 was best. } { [%clk 0:00:33] } (40... g5 41. Qh3) 41. Bxd6 { [%eval 1.74] [%clk 0:04:11] } 41... Rxd6 { [%eval 1.78] [%clk 0:00:35] } 42. Re2 { [%eval 1.58] [%clk 0:27:13] } 42... Rf6 { [%eval 1.7] [%clk 0:25:58] } 43. Qa8+ { [%eval 1.79] [%clk 0:26:38] } 43... Kh7 { [%eval 1.8] [%clk 0:26:17] } 44. Kg2 { [%eval 1.75] [%clk 0:26:59] } 44... g6 { [%eval 2.07] [%clk 0:22:30] } 45. Rdd2 { [%eval 2.19] [%clk 0:26:22] } 45... h5 { [%eval 2.62] [%clk 0:19:25] } 46. Re8 { [%eval 2.64] [%clk 0:20:42] } 46... Rd6 { [%eval 2.82] [%clk 0:18:49] } 47. Rh8+ { [%eval 2.8] [%clk 0:17:10] } 47... Bxh8 { [%eval 2.57] [%clk 0:16:39] } 48. Rxd6 { [%eval 2.76] [%clk 0:17:34] } 48... Be5 { [%eval 2.71] [%clk 0:15:36] } 49. Rd8 { [%eval 2.7] [%clk 0:17:01] } 49... Kg7 { [%eval 2.94] [%clk 0:14:04] } 50. Rg8+ { [%eval 2.87] [%clk 0:16:25] } 50... Kh7 { [%eval 3.46] [%clk 0:14:06] } 51. Re8 { [%eval 3.38] [%clk 0:16:45] } 51... Bd4 { [%eval 3.36] [%clk 0:13:19] } 52. Qf3 { [%eval 3.29] [%clk 0:15:51] } 52... Qd7 { [%eval 3.2] [%clk 0:13:33] } 53. Rb8 { [%eval 2.99] [%clk 0:16:13] } 53... Kg7 { [%eval 3.0] [%clk 0:13:08] } 54. Rb7 { [%eval 2.96] [%clk 0:16:38] } 54... Qe6 { [%eval 2.92] [%clk 0:13:26] } 55. Rxa7 { [%eval 2.87] [%clk 0:16:50] } 55... b5 { [%eval 3.02] [%clk 0:12:10] } 56. Rc7 { [%eval 2.99] [%clk 0:11:25] } 56... b4 { [%eval 2.89] [%clk 0:11:29] } 57. Kf1 { [%eval 2.78] [%clk 0:11:41] } 57... Qh3+ { [%eval 2.83] [%clk 0:11:19] } 58. Kg1 { [%eval 3.01] [%clk 0:12:07] } 58... Qe6 { [%eval 2.89] [%clk 0:11:44] } 59. Kg2 { [%eval 2.86] [%clk 0:12:33] } 59... Kg8 { [%eval 2.81] [%clk 0:11:36] } 60. Rc6 { [%eval 2.8] [%clk 0:10:08] } 60... Qd7 { [%eval 3.06] [%clk 0:11:15] } 61. Qe4 { [%eval 3.12] [%clk 0:09:26] } 61... Kg7 { [%eval 2.91] [%clk 0:10:18] } 62. Rb6 { [%eval 2.81] [%clk 0:08:47] } 62... Qd8 { [%eval 2.78] [%clk 0:09:34] } 63. Ra6 { [%eval 3.01] [%clk 0:04:32] } 63... Qd7 { [%eval 3.0] [%clk 0:08:23] } 64. a4 { [%eval 3.05] [%clk 0:02:11] } 64... bxa3 { [%eval 2.9] [%clk 0:08:38] } 65. Rxa3 { [%eval 2.9] [%clk 0:02:38] } 65... Qd6 { [%eval 2.97] [%clk 0:07:28] } 66. Ra2 { [%eval 3.03] [%clk 0:02:50] } 66... Qf6 { [%eval 3.2] [%clk 0:06:04] } 67. Rd2 { [%eval 3.11] [%clk 0:02:53] } 67... Qb6 { [%eval 3.15] [%clk 0:03:54] } 68. Rd3 { [%eval 2.94] [%clk 0:03:05] } 68... Bf6 { [%eval 3.55] [%clk 0:03:06] } 69. Qd5 { [%eval 3.55] [%clk 0:03:08] } 69... Qc7 { [%eval 3.56] [%clk 0:02:32] } 70. Rf3 { [%eval 3.56] [%clk 0:03:15] } 70... Qb6 { [%eval 3.54] [%clk 0:02:25] } 71. Rf4 { [%eval 3.39] [%clk 0:03:39] } 71... Qa7 { [%eval 3.96] [%clk 0:01:35] } 72. Rc4 { [%eval 3.8] [%clk 0:03:30] } 72... Be7 { [%eval 3.73] [%clk 0:00:38] } 73. Qe5+ { [%eval 3.83] [%clk 0:03:55] } 73... Kg8 { [%eval 4.05] [%clk 0:00:52] } 74. Re4 { [%eval 4.15] [%clk 0:03:49] } 74... Bf8 { [%eval 4.04] [%clk 0:00:59] } 75. Qd5 { [%eval 3.92] [%clk 0:04:15] } 75... Kg7 { [%eval 4.4] [%clk 0:00:59] } 76. Re8 { [%eval 4.39] [%clk 0:04:28] } 76... Qc7 { [%eval 4.55] [%clk 0:00:39] } 77. Rd8 { [%eval 4.39] [%clk 0:03:35] } (77. Qe5+) 77... Qe7 { [%eval 4.24] } 1-0

[Event "37th Reykjavik op"]
[Site "Reykjavik ISL"]
[Date "2024.03.16"]
[Round "3.42"]
[White "Gronn, Embla Ekeland"]
[Black "Prado Serrano, Alexandra"]
[WhiteElo "1684"]
[BlackElo "1877"]
[Result "1-0"]
[EventDate "2024.03.15"]
[PlyCount "87"]

1. Nf3 { [%eval 0.2] [%clk 1:30:53] } 1... Nf6 { [%eval 0.29] [%clk 1:29:18] } 2. c4 { [%eval 0.22] [%clk 1:31:15] } 2... g6 { [%eval 0.23] [%clk 1:28:43] } 3. g3 { [%eval 0.2] [%clk 1:31:14] } 3... Bg7 { [%eval 0.22] [%clk 1:29:03] } 4. Bg2 { [%eval 0.23] [%clk 1:31:33] } 4... O-O { [%eval 0.21] [%clk 1:29:24] } 5. O-O { [%eval 0.09] [%clk 1:31:51] } 5... d6 { [%eval 0.44] [%clk 1:29:29] } 6. Nc3 { [%eval 0.5] [%clk 1:30:24] } 6... c6 { [%eval 0.5] [%clk 1:26:25] } 7. d4 { [%eval 0.4] [%clk 1:26:45] } 7... Bf5 { [%eval 0.52] [%clk 1:22:23] } 8. Qb3 { [%eval 0.33] [%clk 1:21:58] } 8... Qc8 { [%eval 0.54] [%clk 1:21:26] } 9. Bf4 { [%eval 0.48] [%clk 1:19:56] } 9... h6 { [%eval 0.63] [%clk 1:18:01] } 10. Rfe1 { [%eval 0.73] [%clk 1:15:51] } 10... g5 { [%eval 0.74] [%clk 1:15:59] } 11. Bd2 { [%eval 0.54] [%clk 1:14:49] } 11... Ne4 { [%eval 0.59] [%clk 1:16:03] } 12. Nxe4 { [%eval 0.71] [%clk 1:11:24] } 12... Bxe4 { [%eval 0.58] [%clk 1:16:31] } 13. Qe3 { [%eval 0.24] [%clk 1:07:00] } 13... d5 { [%eval 0.6] [%clk 1:13:08] } 14. Rac1 { [%eval 0.72] [%clk 1:01:39] } 14... e6?! { [%eval 1.32] } { Inaccuracy. Qe6 was best. } { [%clk 1:10:55] } (14... Qe6 15. h4) 15. Bb4 { [%eval 1.04] [%clk 0:57:15] } 15... Re8 { [%eval 0.88] [%clk 1:04:33] } 16. Ne5?! { [%eval 0.21] } { Inaccuracy. h4 was best. } { [%clk 0:50:41] } (16. h4 a5) 16... Bxg2 { [%eval 0.27] [%clk 1:03:47] } 17. Kxg2 { [%eval 0.26] [%clk 0:51:04] } 17... Nd7 { [%eval 0.52] [%clk 0:55:54] } 18. Bd6 { [%eval 0.48] [%clk 0:48:33] } 18... dxc4 { [%eval 0.63] [%clk 0:55:07] } 19. Rxc4 { [%eval 0.12] [%clk 0:48:30] } 19... Nb6 { [%eval 0.11] [%clk 0:54:21] } 20. Rcc1 { [%eval 0.07] [%clk 0:47:22] } 20... Qd8 { [%eval 0.09] [%clk 0:53:19] } 21. Bc5 { [%eval 0.12] [%clk 0:45:36] } 21... Qd5+ { [%eval 0.09] [%clk 0:49:35] } 22. Kg1 { [%eval 0.06] [%clk 0:43:41] } 22... Qxa2 { [%eval 0.35] [%clk 0:47:31] } 23. b3 { [%eval 0.0] [%clk 0:37:16] } 23... Nd5? { [%eval 1.47] } { Mistake. f6 was best. } { [%clk 0:39:28] } (23... f6 24. Ra1 Qc2 25. Bxb6 axb6 26. Rxa8 Rxa8 27. Nc4 Qf5 28. Nxb6 Ra2 29. Nd7 Bf8 30. d5) 24. Qf3 { [%eval 1.37] [%clk 0:33:48] } 24... f6?! { [%eval 2.02] } { Inaccuracy. Bxe5 was best. } { [%clk 0:38:15] } (24... Bxe5 25. dxe5 Qb2 26. e4 Ne7 27. Bd6 Ng6 28. Rb1 Qd2 29. Rbd1 Qa5 30. b4 Qd8 31. Qh5) 25. Nc4 { [%eval 2.01] [%clk 0:33:08] } 25... b6 { [%eval 1.96] [%clk 0:30:10] } 26. Ba3 { [%eval 1.51] [%clk 0:12:32] } 26... b5 { [%eval 1.76] [%clk 0:28:26] } 27. Ra1 { [%eval 1.58] [%clk 0:12:06] } 27... Qc2 { [%eval 1.5] [%clk 0:28:32] } 28. Nd6 { [%eval 1.78] [%clk 0:11:14] } 28... Red8 { [%eval 2.35] [%clk 0:23:02] } 29. e4 { [%eval 2.16] [%clk 0:10:26] } 29... Qc3 { [%eval 2.26] [%clk 0:15:38] } 30. Qxc3?? { [%eval 0.02] } { Blunder. Qd1 was best. } { [%clk 0:09:27] } (30. Qd1 b4 31. exd5 bxa3 32. Rxe6 cxd5 33. Nf5 Re8 34. Ra6 Qc8 35. Qd3 Qd7 36. Rd6 Qf7) 30... Nxc3 { [%eval 0.03] [%clk 0:16:06] } 31. Re3 { [%eval 0.08] [%clk 0:05:23] } 31... Bf8 { [%eval 0.34] [%clk 0:07:21] } 32. Rxc3 { [%eval 0.33] [%clk 0:04:46] } 32... Bxd6 { [%eval 0.34] [%clk 0:07:34] } 33. Rxc6 { [%eval 0.38] [%clk 0:05:01] } 33... b4 { [%eval 0.46] [%clk 0:07:07] } 34. Bb2 { [%eval 0.5] [%clk 0:04:59] } 34... Kf7?! { [%eval 1.23] } { Inaccuracy. a5 was best. } { [%clk 0:05:18] } (34... a5) 35. Raa6 { [%eval 1.37] [%clk 0:04:15] } 35... Be7?? { [%eval 3.46] } { Blunder. Rac8 was best. } { [%clk 0:04:30] } (35... Rac8 36. Rxa7+ Ke8 37. Rb6 Rc2 38. Ba1 Rd7 39. Raa6 Ke7 40. Kg2 g4 41. h3 Re2 42. e5) 36. Rxe6 { [%eval 3.42] [%clk 0:03:46] } 36... Rac8?! { [%eval 4.31] } { Inaccuracy. Rab8 was best. } { [%clk 0:03:16] } (36... Rab8 37. Kg2 Rb6 38. Rexb6 axb6 39. Rxb6 Rc8 40. d5 Rc2 41. Bd4 Rd2 42. Be3 Rd3 43. Rb7) 37. d5 { [%eval 4.19] [%clk 0:02:52] } 37... f5?! { [%eval 5.94] } { Inaccuracy. Rd7 was best. } { [%clk 0:02:36] } (37... Rd7 38. Bxf6 Bc5 39. Rac6 Rxc6 40. Rxc6 a5 41. Bb2 Bf8 42. Ra6 Rc7 43. e5 Be7 44. e6+) 38. Rxa7 { [%eval 5.76] [%clk 0:02:24] } 38... Re8 { [%eval 5.6] [%clk 0:02:29] } 39. Bf6 { [%eval 5.31] [%clk 0:02:06] } 39... fxe4 { [%eval 5.89] [%clk 0:02:01] } 40. Raxe7+ { [%eval 5.11] [%clk 0:02:08] } 40... Rxe7 { [%eval 5.04] [%clk 0:02:17] } 41. Bxe7 { [%eval 5.04] [%clk 0:02:07] } 41... Rc1+ { [%eval 5.11] [%clk 0:01:50] } 42. Kg2 { [%eval 5.01] [%clk 0:02:26] } 42... Rb1 { [%eval 5.46] [%clk 0:01:50] } 43. Rxe4 { [%eval 5.42] [%clk 0:02:21] } 43... Rxb3 { [%eval 5.27] [%clk 0:01:46] } 44. Bxb4 { [%clk 0:02:40] } 1-0

[Event "37th Reykjavik op"]
[Site "Reykjavik ISL"]
[Date "2024.03.16"]
[Round "3.43"]
[White "Mueller, Magnus"]
[Black "Lohia, Sohum"]
[WhiteElo "2144"]
[BlackElo "2354"]
[Result "1/2-1/2"]
[EventDate "2024.03.15"]
[PlyCount "76"]

1. d4 { [%eval 0.15] [%clk 1:22:57] } 1... Nf6 { [%eval 0.16] [%clk 1:30:48] } 2. c4 { [%eval 0.16] [%clk 1:22:54] } 2... e6 { [%eval 0.21] [%clk 1:31:06] } 3. Nc3 { [%eval 0.08] [%clk 1:20:50] } 3... Bb4 { [%eval 0.12] [%clk 1:31:14] } 4. a3 { [%eval -0.33] [%clk 1:21:05] } 4... Bxc3+ { [%eval -0.1] [%clk 1:31:09] } 5. bxc3 { [%eval -0.11] [%clk 1:21:27] } 5... c5 { [%eval 0.0] [%clk 1:29:38] } 6. f3 { [%eval -0.25] [%clk 1:21:35] } 6... d5 { [%eval 0.09] [%clk 1:08:21] } 7. cxd5 { [%eval 0.25] [%clk 1:21:53] } 7... exd5 { [%eval 0.38] [%clk 0:58:08] } 8. e3 { [%eval 0.35] [%clk 1:20:30] } 8... O-O { [%eval 0.48] [%clk 0:49:29] } 9. Bd3 { [%eval 0.33] [%clk 1:20:49] } 9... b6 { [%eval 0.3] [%clk 0:48:14] } 10. Ne2 { [%eval 0.32] [%clk 1:21:07] } 10... Ba6 { [%eval 0.3] [%clk 0:48:00] } 11. O-O { [%eval 0.39] [%clk 1:19:28] } 11... Bxd3 { [%eval 0.25] [%clk 0:47:36] } 12. Qxd3 { [%eval 0.34] [%clk 1:19:50] } 12... Re8 { [%eval 0.32] [%clk 0:46:08] } 13. Ng3 { [%eval 0.25] [%clk 1:20:10] } 13... Nc6 { [%eval 0.3] [%clk 0:45:42] } 14. Bb2 { [%eval 0.41] [%clk 1:11:44] } 14... h5 { [%eval 0.36] [%clk 0:40:18] } 15. e4 { [%eval 0.17] [%clk 0:49:22] } 15... h4 { [%eval 0.43] [%clk 0:35:16] } 16. Nf5 { [%eval 0.87] [%clk 0:49:35] } 16... c4 { [%eval 1.32] [%clk 0:15:04] } 17. Qd2 { [%eval 1.24] [%clk 0:47:40] } 17... g6?! { [%eval 2.35] } { Inaccuracy. Ne7 was best. } { [%clk 0:11:39] } (17... Ne7 18. Nxe7+ Rxe7 19. e5 Nh7 20. f4 f5 21. a4 Re6 22. Qc2 Qf8 23. Ba3 Qf7 24. Qf2) 18. e5 { [%eval 2.45] [%clk 0:39:37] } 18... Nh5 { [%eval 2.48] [%clk 0:10:20] } 19. Nd6? { [%eval 1.23] } { Mistake. Qh6 was best. } { [%clk 0:37:03] } (19. Qh6 Re6 20. Bc1 b5 21. Nxh4 a5 22. g3 b4 23. Bg5 Qf8 24. axb4 axb4 25. Rxa8 Qxa8) 19... Re6 { [%eval 1.25] [%clk 0:10:08] } 20. f4 { [%eval 0.73] [%clk 0:31:23] } 20... f5 { [%eval 0.51] [%clk 0:09:54] } 21. Qf2 { [%eval 0.53] [%clk 0:29:04] } 21... Ng7? { [%eval 1.89] } { Mistake. Kg7 was best. } { [%clk 0:08:11] } (21... Kg7 22. a4 Rxd6 23. exd6 Nf6 24. Qxh4 Qxd6 25. Ba3 Qe6 26. Qe1 Ne4 27. Ra2 Rh8 28. Rf3) 22. a4 { [%eval 1.83] [%clk 0:23:31] } 22... Ne8 { [%eval 2.17] [%clk 0:07:10] } 23. Nxe8 { [%eval 1.87] [%clk 0:20:54] } 23... Rxe8 { [%eval 1.73] [%clk 0:07:30] } 24. g4?! { [%eval 0.94] } { Inaccuracy. Ba3 was best. } { [%clk 0:21:16] } (24. Ba3 Kf7 25. Rab1 Ke6 26. Bd6 Rh8 27. Qf3 a6 28. Rf2 Na7 29. g4 hxg3 30. Qxg3 Rg8) 24... hxg3 { [%eval 1.01] [%clk 0:06:42] } 25. Qxg3 { [%eval 1.0] [%clk 0:21:40] } 25... Kf7 { [%eval 1.32] [%clk 0:06:18] } 26. Ba3 { [%eval 1.37] [%clk 0:21:15] } 26... Rg8 { [%eval 1.01] [%clk 0:05:04] } 27. Kh1 { [%eval 1.02] [%clk 0:20:46] } 27... Ke6 { [%eval 1.52] [%clk 0:03:07] } 28. Rab1? { [%eval 0.33] } { Mistake. Rg1 was best. } { [%clk 0:20:17] } (28. Rg1 Qe8 29. Qg2 Na5 30. Bb4 Nb3 31. Rae1 Rg7 32. Re3 Qf7 33. Rh3 Kd7 34. Rh6 Rag8) 28... g5 { [%eval 0.43] [%clk 0:01:56] } 29. fxg5 { [%eval 0.54] [%clk 0:20:13] } 29... Qxg5 { [%eval 0.61] [%clk 0:01:41] } 30. Qf3 { [%eval 0.4] [%clk 0:20:36] } 30... Rh8 { [%eval 0.34] [%clk 0:01:14] } 31. Rf2 { [%eval 0.27] [%clk 0:19:25] } 31... Rag8 { [%eval 0.4] [%clk 0:01:19] } 32. Rbf1 { [%eval 0.29] [%clk 0:14:19] } 32... Rh5 { [%eval 0.35] [%clk 0:00:54] } 33. Rg2 { [%eval 0.05] [%clk 0:08:26] } 33... Qxg2+ { [%eval 0.0] [%clk 0:00:54] } 34. Qxg2 { [%eval 0.02] [%clk 0:08:50] } 34... Rxg2 { [%eval 0.1] [%clk 0:01:23] } 35. Kxg2 { [%eval 0.15] [%clk 0:09:11] } 35... Rg5+ { [%eval 0.15] [%clk 0:01:16] } 36. Kh3 { [%eval -0.08] [%clk 0:07:05] } 36... Rh5+ { [%eval 0.15] [%clk 0:00:58] } 37. Kg2 { [%eval 0.11] [%clk 0:07:29] } 37... Rg5+ { [%eval 0.09] [%clk 0:01:20] } 38. Kh3 { [%eval -0.06] [%clk 0:07:54] } 38... Rh5+ { [%eval 0.1] [%clk 0:00:42] } 1/2-1/2